Представление документа в формате MARC21

ПолеНазваниеЗначение
  Тип записи a
  Библиографический уровень m
001 Контрольный номер RU\infra-m\znanium\bibl\2214965
005 Дата корректировки 20260429142214.0
008 Кодируемые данные 260119s2026 RU g rus u
020 Индекс ISBN __
a ISBN 978-5-16-014813-7
020 Индекс ISBN __
a ISBN 978-5-16-108962-0 (электр. издание)
040 Источник каталогиз. __
a Служба первич. каталог. Общество с ограниченной ответственностью «ЗНАНИУМ»
041 Код языка издания __
a Код языка текста rus
044 Код страны публикации __
a Код страны публикации RU
080 Индекс УДК __
a Индекс УДК 338.48(075.32)
084 Индекс другой классификации/Индекс ББК __
2 Источник индекса rubbk
a Индекс другой классификации/Индекс ББК 65.433я723
084 Индекс другой классификации/Индекс ББК __
2 Источник индекса okso
a Индекс другой классификации/Индекс ББК 43.02.16
100 Автор __
a Автор Богданов Е.И.
q Полное имя Богданов Евгений Иванович
u Дополнение Санкт-Петербургский университет технологий управления и экономики
245 Заглавие __
a Заглавие Экономика отрасли туризм
b Продолж. заглавия Учебник
c Ответственность Санкт-Петербургский университет технологий управления и экономики; Санкт-Петербургский государственный экономический университет
250 Сведения об издании __
a Основные сведения об издании 1
260 Выходные данные __
a Место издания Москва
b Издательство ООО "Научно-издательский центр ИНФРА-М"
c Дата издания 2026
300 Физическое описание __
a Объем 318 с.
440 Серия __
a Серия Среднее профессиональное образование
520 Аннотация __
a Аннотация В учебнике раскрывается сущность туризма — одной из важнейших отраслей экономики а также метода познания индивидуумом культурных природных богатств созданных природой и человеком. Анализируются такие важнейшие категории как спрос и мотивация в туризме. Рассматриваются особенности туристской дестинации — основного элемента туризма а также базовые концепции туризма — динамично развивающейся отрасли экономики. Особое внимание уделяется туристско-рекреационному комплексу как важнейшему направлению совершенствования системы управления экономикой туризма. Для студентов учреждений среднего профессионального образования по специальности 43.02.10 «Туризм» а также вузов по направлению подготовки 43.03.02 «Туризм».
521 Примеч. о цел. назн. __
a Примеч. о целев. назн. Среднее профессиональное образование
650 Тематические рубрики __
a Основная рубрика Экономика. Бухгалтерский учет. Финансы
x Основная подрубрика Экономика туризма и сферы обслуживания
655 Указ. предметных рубрик (устаревшее) __
a Жанр/ форма (устаревшее) Учебник
700 Другие авторы __
a Другие авторы Богомолова Е. С.
q Полное имя Богомолова Елена Сергеевна
700 Другие авторы __
a Другие авторы Орловская В.П.
q Полное имя Орловская Виктория Петровна
u Дополнение Санкт-Петербургский государственный экономический университет
700 Другие авторы __
a Другие авторы Богданов Е.И.
q Полное имя Богданов Евгений Иванович
u Дополнение Санкт-Петербургский университет технологий управления и экономики
856 Электронный адрес документа 4_
a Имя сервера/домена znanium.ru
m Помощь ebs_support@infra-m.ru
n Местонахождение сервера НИЦ ИНФРА-М
u URL https://znanium.ru/catalog/document?id=476547
856 Электронный адрес документа 48
a Имя сервера/домена znanium.ru
d Путь /cover/2214
f Электронное имя 2214965.jpg
q Тип электронного формата image/jpeg
u URL https://znanium.ru/cover/2214/2214965.jpg
911 __
u 0030=https://znanium.ru/catalog/document?id=476547
911 __
u 712a=Санкт-Петербургский государственный экономический университет